00911naa a22002537a 4500001001000000003000900010005001700019007000300036008003400039040005400073041000900127072002500136100001900161100001700180100001400197245014500211260003800356500008900394650001000483650002300493650001500516650002800531773009800559BR8304541BR-BrBNA20240918175322.0ta230509b bl.||||| |||| 00| 0 por d aBR-BrBNAbporcBiblioteca Nacional de Agricultura a(Pt) aF30; F60b0120bG5141 aPaterniani, E.1 aCastro, E.M.1 aRissi, R.1 aCompeticao entre populacoes de milho normais e braquiticas [melhoramento genetico vegetal, Zea mays, fisiologia vegetal, tombamento, Brasil]3 aPiracicaba, SP (Brasil): c1983.  aRelatorio Cientifico 1982 Piracicaba, SP (Brasil): 1983. p. 15-24 (BR8304541-AM)F30  aMILHO aFISIOLOGIA VEGETAL aTOMBAMENTO aCOMPETICAO DE VARIEDADE0 tRelatorio Cientifico 1982 : no. 16 / wF30 BR8304538gPiracicaba, SP (Brasil), 1983. q188 p.